000 00469pab a2200181 454500
008 180718b2011 xxu||||| |||| 00| 0 eng d
100 _aMcMurray, Robert
245 _aEthical subjectivity and politics in organizations: A case of health care tendering
260 _c2011
300 _ap.541-561.
362 _aJul
650 _aHealth services
700 _aRhodes, Carl
700 _aPullen, Alison
773 _aOrganization
908 _aN
909 _a92850
999 _c92850
_d92850